El transcurso legendario de una gota de sangre y otros escritos / (Registro nro. 6922)
[ vista simple ]
| 000 -LEADER | |
|---|---|
| fixed length control field | 01198nam a22002297a 4500 |
| 003 - CONTROL NUMBER IDENTIFIER | |
| control field | OSt |
| 005 - DATE AND TIME OF LATEST TRANSACTION | |
| control field | 20201015115540.0 |
| 008 - FIXED-LENGTH DATA ELEMENTS--GENERAL INFORMATION | |
| fixed length control field | 201015s1991 ck ||||gr|||| 00| edspa d |
| 020 ## - INTERNATIONAL STANDARD BOOK NUMBER | |
| International Standard Book Number | 9589012604 |
| 040 ## - CATALOGING SOURCE | |
| Original cataloging agency | CO-JMCR |
| Transcribing agency | CO-JMCR |
| 041 0# - LANGUAGE CODE | |
| Language code of text/sound track or separate title | spa |
| 082 04 - DEWEY DECIMAL CLASSIFICATION NUMBER | |
| Classification number | 864.44 / |
| Item number | L791t |
| Edition number | 23 |
| 100 1# - MAIN ENTRY--PERSONAL NAME | |
| Personal name | Lleras Camargo, Alberto, |
| Relator term | autor |
| 9 (RLIN) | 11559 |
| 245 13 - TITLE STATEMENT | |
| Title | El transcurso legendario de una gota de sangre y otros escritos / |
| Statement of responsibility, etc. | Alberto Lleras |
| 260 ## - PUBLICATION, DISTRIBUTION, ETC. | |
| Place of publication, distribution, etc. | Bogotá : |
| Name of publisher, distributor, etc. | El Áncora Editores, |
| Date of publication, distribution, etc. | 1991 |
| 300 ## - PHYSICAL DESCRIPTION | |
| Extent | 156 páginas ; |
| Dimensions | 21 cm. |
| 500 ## - GENERAL NOTE | |
| General note | Incluye datos biográficos y fotografía del autor en solapa. |
| 505 0# - FORMATTED CONTENTS NOTE | |
| Formatted contents note | El transcurso legendario de una gota de sangre -- Confesión de parte -- La providencia nos preserve de nuevas regeneraciones -- Ricardo Rendón -- Cien años de soledad -- El submarino mundo de Proust -- El compromiso del escritor -- Reverdece "La Rama dorada" -- El minotauro -- El buscador de la gloria -- El meteco supremo -- Páginas de un mundo peor -- La vida imita al arte -- El mundo no explorado -- Lectura rápida |
| 650 14 - SUBJECT ADDED ENTRY--TOPICAL TERM | |
| Topical term or geographic name entry element | Ensayos colombianos |
| Chronological subdivision | Siglo XX |
| 9 (RLIN) | 11560 |
| 651 #4 - SUBJECT ADDED ENTRY--GEOGRAPHIC NAME | |
| Geographic name | Colombia |
| Form subdivision | Ensayos, conferencias, etc. |
| General subdivision | Política y gobierno |
| 9 (RLIN) | 11561 |
| 942 ## - ADDED ENTRY ELEMENTS (KOHA) | |
| Source of classification or shelving scheme | Dewey Decimal Classification |
| Koha item type | Books |
| Withdrawn status | Lost status | Source of classification or shelving scheme | Damaged status | Not for loan | Collection code | Home library | Current library | Date acquired | Source of acquisition | Total Checkouts | Full call number | Barcode | Date last seen | Copy number | Price effective from | Koha item type |
|---|---|---|---|---|---|---|---|---|---|---|---|---|---|---|---|---|
| Dewey Decimal Classification | Non-fiction | Biblioteca Pública José María del Castillo y Rada | Biblioteca Pública José María del Castillo y Rada | 04/15/2018 | Donación | 864.44 / L791t | 201808578 | 05/16/2024 | Ej.1 | 10/15/2020 | Books |